| 000 | 00635nam a2200181Ia 4500 | ||
|---|---|---|---|
| 008 | 150610s9999 xx 000 0 und d | ||
| 020 | _a9781451624458 | ||
| 050 |
_aQB981 _b.K773 2012 |
||
| 100 | _aKrauss, Lawrence Maxwell | ||
| 245 | 2 |
_aA universe from nothing : _bwhy there is something rather than nothing / _cLawrence M. Krauss ; with an afterword by Richard Dawkins. |
|
| 250 | _a1st Free Press hardcover ed. | ||
| 260 |
_aNew York : _bFree Press, _c2012. |
||
| 300 |
_a202pages : _billustrations ; _c24 cm. |
||
| 504 | _a Includes index. | ||
| 520 | _aCosmology. | ||
| 650 | _x Beginning. | ||
| 650 | _x End of the universe. | ||
| 999 |
_c288235 _d288235 |
||